ბათუმის შოთა რუსთაველის სახელმწიფო უნივერსიტეტის ბიბლიოთეკა

The handbook of intellectual disability and clinical psychology practice / (ბიბ.ჩანაწერი № 58139)

000 -LEADER
fixed length control field 01182cam a2200277 i 4500
001 - CONTROL NUMBER
control field 18794286
005 - DATE AND TIME OF LATEST TRANSACTION
control field 20210628140253.0
008 - FIXED-LENGTH DATA ELEMENTS--GENERAL INFORMATION
fixed length control field 150924s2016 enka f 000 0 eng
020 ## - INTERNATIONAL STANDARD BOOK NUMBER
International Standard Book Number 9781138806368
041 ## - LANGUAGE CODE
Language code of text/sound track or separate title eng
080 ## - UNIVERSAL DECIMAL CLASSIFICATION NUMBER
Universal Decimal Classification number 159.9 T- 44
245 04 - TITLE STATEMENT
Title The handbook of intellectual disability and clinical psychology practice /
Statement of responsibility, etc. edited by Alan Carr, Christine Linehan, Gary O'Reilly, Patricia Noonan Walsh and John McEvoy.
250 ## - EDITION STATEMENT
Edition statement Second edition.
264 #1 - PRODUCTION, PUBLICATION, DISTRIBUTION, MANUFACTURE, AND COPYRIGHT NOTICE
Place of production, publication, distribution, manufacture London ;
Name of producer, publisher, distributor, manufacturer Routledge/Taylor & Francis Group,
Date of production, publication, distribution, manufacture, or copyright notice 2016.
300 ## - PHYSICAL DESCRIPTION
Extent 863 pages :
Other physical details illustrations ;
Dimensions 26 cm.
653 ## - INDEX TERM--UNCONTROLLED
keyword გონებრივი ჩამორჩენა
653 ## - INDEX TERM--UNCONTROLLED
keyword Умственная отсталость
653 ## - INDEX TERM--UNCONTROLLED
keyword კლინიკური ფსიქოლოგია
653 ## - INDEX TERM--UNCONTROLLED
keyword Клиническая психология
700 1# - ADDED ENTRY--PERSONAL NAME
Personal name Carr, Alan
Dates associated with a name
Relator term რედაქტორი
9 (RLIN) 8804
700 1# - ADDED ENTRY--PERSONAL NAME
Personal name Christine, Linehan
9 (RLIN) 12140
700 1# - ADDED ENTRY--PERSONAL NAME
Personal name O'Reilly, Gary
Relator term რედაქტორი
9 (RLIN) 12141
700 1# - ADDED ENTRY--PERSONAL NAME
Personal name Noonan Walsh, Patricia
Relator term რედაქტორი
9 (RLIN) 12142
700 1# - ADDED ENTRY--PERSONAL NAME
Personal name McEvoy, John
Relator term რედაქტორი
9 (RLIN) 12143
942 ## - ADDED ENTRY ELEMENTS (KOHA)
Source of classification or shelving scheme
Koha item type წიგნი
ეგზემპლარები
Withdrawn status Lost status Source of classification or shelving scheme Damaged status Not for loan Permanent Location Current Location Shelving location Date acquired Cost, normal purchase price Full call number Barcode Date last seen Copy number Price effective from Koha item type Public note
          ბათუმის შოთა რუსთაველის სახელმწიფო უნივერსიტეტის მთავარი ბიბლიოთეკა ბათუმის შოთა რუსთაველის სახელმწიფო უნივერსიტეტის მთავარი ბიბლიოთეკა წიგნსაცავი 2021-06-28 237.00 159.9 T- 44 61416 2021-06-28 61416 2021-06-28 წიგნი 237 ლ.